000 01080cam a22002055a 4500
001 L140861
008 071016s1929 xxk eng u
035 _a(Sirsi) u140861
041 0 _aeng
110 2 _aJ and W Heathcote
_95393
245 0 0 _aParticulars, plan and conditions of sale of the important and centrally situated freehold property comprising H.M. Prison together with four dwelling houses and grounds covering an area of approximately 6 acres, 1 rood, 11 perches situate at Derby which, unless previously disposed of by Private Treaty, will be offered for sale by public auction in one lot by Messrs. J. and W. Heathcote, F.A.I. at The Mart, Exchange Buildings, Derby at 3 p.m. on Friday the 12th day of July 1929...
260 _aS.l.
_bs.n.
_c[1929]
300 _a9 p.
_bmap
_c34 cm. +
_e1 plan (col., 74 x 61 cm.)
340 _aPrinted
351 _cSingle item
500 _aPlan is housed in a pocket inside the rear cover.
651 4 _aDerbyshire
690 _aPROPERTY-PROPERTY ACQUISITION AND DISPOSAL-ACQUISITION AND DISPOSAL AT AUCTION
942 _n0
999 _c116505
_d116505